000
00284nam a2200133Ia 4500
008
220613s9999||||xx |||||||||||||| ||und||
100
_a
J C Pal
245
0
_a
Current Surgery
250
_a
1996
260
_b
Central Book Agency
300
_a
694
650
_a
Surgery
942
_c
SURG
999
_c
2705
_d
2705